| 000 | 00434nam a22001697a 4500 | ||
|---|---|---|---|
| 999 |
_c17291 _d17291 |
||
| 008 | 181018b xxu||||| |||| 00| 0 eng d | ||
| 020 | _a8180389924 | ||
| 040 |
_aKABU _cKABU |
||
| 050 |
_aK230 _b.D53 2013 c. 1 |
||
| 100 | _aDias, R.W. M. | ||
| 245 |
_aJurisprudence _cRWM Dias |
||
| 250 | _a5th ed. | ||
| 260 |
_aIndia _bLexixNexis _c2013 |
||
| 300 | _axxvi, 520 p. | ||
| 650 | _aJurisprudence | ||
| 942 |
_2lcc _cBK _e5th _hK230 |
||